00549 2200205 4500001002100000005001500021035002000036245006300056100002000119250000600139300003500145260003800180082001000218084001600228020002200244650002600266990001700292990001700309990001700326INLIS00000000000034120181005051219 a0010-10180000311 aWali Songo dan Siar Islam di Tanah Jawa /cTim Gunung Jati0 aTim Gunung Jati a- avi, 50 hlm. :bilus. ;c25 cm. aCirebon :bCV Gunung Djati,c2008 a2X7.2 a2X7.2 TIM w a978-979-1979-81-8 aDakwah Islam ( Wali ) a01382/P/2018 a01383/P/2018 a01384/P/2018